The best damn windows server 2003 book period (Record no. 35515)

MARC details
000 -LEADER
fixed length control field 00396nam a2200157Ia 4500
020 ## - INTERNATIONAL STANDARD BOOK NUMBER
ISBN 1- 931836- 12- 4
050 ## - CALL MARK
Classification number QA 76.76.O63 .S59/
100 ## - STATEMENT OF RESPONSIBILITY--MAIN AUTHOR NAME
Personal name Susan Snedaker
245 #4 - TITLE STATEMENT
Title The best damn windows server 2003 book period
260 ## - PUBLICATION, DISTRIBUTION, ETC. (IMPRINT)
Name of publisher Syngress publishing
260 ## - PUBLICATION, DISTRIBUTION, ETC. (IMPRINT)
Year of publication 2004
300 ## - PHYSICAL DESCRIPTION
Number of Pages 997 p
942 ## - ADDED ENTRY ELEMENTS (KOHA)
Koha item type Books
Holdings
Withdrawn status Lost status Source of classification or shelving scheme Damaged status Not for loan Permanent Location Current Location Date acquired Accession Number Price effective from Koha item type
    Library of Congress Classification     NILE UNIVERSITY OF NIGERIA - MAIN LIBRARY NILE UNIVERSITY OF NIGERIA - MAIN LIBRARY 04/23/2025 0007914 04/23/2025 Books